| 000 | 00922cam a2200277 4500 | ||
|---|---|---|---|
| 001 | WB3714-38 | ||
| 008 | 000000n2001 000 0 eng u | ||
| 035 | _a(Sirsi) u111822 | ||
| 245 | _aNowhere to run to | ||
| 260 | _c2001 | ||
| 490 |
_aEstates Gazette _v(0113) 31 March 2001, 147(1) |
||
| 520 | _aAnalysis of the CA decision in "Merrett v Babb" in which a negligent surveyor was held personally liable following his employer's bankruptcy and that the bankruptcy may remove professional indemnity insurance cover. | ||
| 590 | _aWB | ||
| 650 | _aPROFESSIONAL INDEMNITY INSURANCE | ||
| 650 | _aBANKRUPTCY | ||
| 650 | _aMORTGAGE VALUATION | ||
| 650 | _aDUTY OF CARE | ||
| 650 | _aPERSONAL LIABILITY | ||
| 650 | _aLIABILITY | ||
| 650 | _aNEGLIGENCE | ||
| 650 | _aSURVEYORS | ||
| 650 | _aEMPLOYEE'S DUTY OF CARE | ||
| 650 | _aMERRETT V BABB | ||
| 690 | _aPROFESSIONAL PRACTICE-NEGLIGENCE | ||
| 942 | _n0 | ||
| 999 |
_c66630 _d66630 |
||